000 00669cam a22002533a 4500
001 24037
003 PGUSA
005 20140828083520.0
008 071226s2007||||xxu|||||s|||||000 | eng d
040 _aPGUSA
_beng
042 _adc
050 4 _aBJ
100 1 _aYan, Zhitui,
_d531-591
245 1 0 _a顔氏家訓
_h[electronic resource] /
_cZhitui Yan
260 _bProject Gutenberg,
_c2007
506 _aPublic domain in the USA.
516 _aElectronic text
653 _aConduct of life
653 _aEthics -- China
740 0 _aYan shi jia xun
830 0 _aProject Gutenberg
_v24037
856 4 0 _uhttp://www.gutenberg.org/ebooks/24037
942 _cEB
999 _c253292
_d253292